000 00286nam a2200121 a 4500
008 101021s1977|||| d
100 1 _aKuncewiczowa, Maria
245 1 0 _aPrímerie s dieťaťom
041 _aslo
260 _bTatran
_aBratislava
_c1977
020 _c13
044 _axo
_cSK
999 _c11941
_d11941